Mechanical estimating guidebook for building construction. (Record no. 69196)
[ view plain ]
| 000 -LEADER | |
|---|---|
| fixed length control field | 01205pam a2200337 a 4500 |
| 001 - CONTROL NUMBER | |
| control field | 988307 |
| 003 - CONTROL NUMBER IDENTIFIER | |
| control field | NUST - PNEC |
| 005 - DATE AND TIME OF LATEST TRANSACTION | |
| control field | 20170116181113.0 |
| 008 - FIXED-LENGTH DATA ELEMENTS--GENERAL INFORMATION | |
| fixed length control field | 860603s1987 nyua b 001 0 eng |
| 010 ## - LIBRARY OF CONGRESS CONTROL NUMBER | |
| LC control number | 86010365 |
| 020 ## - INTERNATIONAL STANDARD BOOK NUMBER | |
| International Standard Book Number | 0070233195 : |
| Terms of availability | $42.50 |
| 040 ## - CATALOGING SOURCE | |
| Original cataloging agency | DLC |
| Transcribing agency | LIBRARY |
| Modifying agency | DLC |
| 050 00 - LIBRARY OF CONGRESS CALL NUMBER | |
| Classification number | TH7687 |
| Item number | .G55 1987 |
| 082 00 - DEWEY DECIMAL CLASSIFICATION NUMBER | |
| Classification number | 697 REF |
| Edition number | 19 |
| 100 1# - MAIN ENTRY--PERSONAL NAME | |
| Personal name | Gladstone, John. |
| 245 10 - TITLE STATEMENT | |
| Title | Mechanical estimating guidebook for building construction. |
| 250 ## - EDITION STATEMENT | |
| Edition statement | 5th ed. / |
| Remainder of edition statement | John Gladstone, editor-in-chief, Kenneth K. Humphreys, associate editor, B.K. Lunde. |
| 260 ## - PUBLICATION, DISTRIBUTION, ETC. | |
| Place of publication, distribution, etc. | New York : |
| Name of publisher, distributor, etc. | McGraw-Hill, |
| Date of publication, distribution, etc. | c1987. |
| 300 ## - PHYSICAL DESCRIPTION | |
| Extent | xvii, 393 p. : |
| Other physical details | ill. ; |
| Dimensions | 24 cm. |
| 500 ## - GENERAL NOTE | |
| General note | "Sponsored by the American Association of Cost Engineers." |
| 500 ## - GENERAL NOTE | |
| General note | Rev. ed. of: Mechanical estimating guidebook. 4th ed. 1970. |
| 500 ## - GENERAL NOTE | |
| General note | Includes index. |
| 504 ## - BIBLIOGRAPHY, ETC. NOTE | |
| Bibliography, etc. note | Bibliography: p. xv-xvii. |
| 650 ## - SUBJECT ADDED ENTRY--TOPICAL TERM | |
| General subdivision | ME |
| 9 (RLIN) | 13029 |
| Topical term following geographic name entry element | Mechanical engineering |
| 700 1# - ADDED ENTRY--PERSONAL NAME | |
| Personal name | Humphreys, Kenneth King. |
| 700 1# - ADDED ENTRY--PERSONAL NAME | |
| Personal name | Lunde, B. K. |
| 700 1# - ADDED ENTRY--PERSONAL NAME | |
| Personal name | Gladstone, John. |
| Title of a work | Mechanical estimating guidebook. |
| 710 2# - ADDED ENTRY--CORPORATE NAME | |
| Corporate name or jurisdiction name as entry element | American Association of Cost Engineers. |
| 906 ## - LOCAL DATA ELEMENT F, LDF (RLIN) | |
| a | 7 |
| b | cbc |
| c | orignew |
| d | 1 |
| e | ocip |
| f | 19 |
| g | y-gencatlg |
| 942 ## - ADDED ENTRY ELEMENTS (KOHA) | |
| Source of classification or shelving scheme | |
| Koha item type | Book |
| Withdrawn status | Lost status | Source of classification or shelving scheme | Damaged status | Not for loan | Permanent Location | Current Location | Shelving location | Date acquired | Total Checkouts | Full call number | Barcode | Date last seen | Price effective from | Koha item type |
|---|---|---|---|---|---|---|---|---|---|---|---|---|---|---|
| Pakistan Navy Engineering College (PNEC) | Pakistan Navy Engineering College (PNEC) | 697 REF | PNECLIB-020613 | 10/04/2015 | Book |
